000 00895cab a2200241 4500
001 WB3444-01
008 090401t1998 xxu||||| |||| 00| 0 eng d
035 _a(Sirsi) u89754
041 _aeng
245 _aRhetoric becoming a reality
260 _c1998
350 _a0
490 _aFinancial Times
_v17 November 1998, 19(2)
520 _aThe Centre for Dispute Resolution claims that alternative dispute resolution is increasingly being adopted as an alternative to litigation and arbitration, especially in the fields of construction and professional negligence.
650 _aALTERNATIVE DISPUTE RESOLUTION
650 _aCEDR
650 _aCENTRE FOR DISPUTE RESOLUTION
650 _aCONCILIATION
650 _aMEDIATION
690 _aMANAGEMENT-DISPUTE AVOIDANCE, MANAGEMENT AND RESOLUTION-DISPUTE MANAGEMENT AND RESOLUTION-ARBITRATION
942 _n0
948 _c17/11/1998
999 _c56809
_d56809